000 00835nam a2200265Ia 4500
003 GCL
008 140319s9999 xx 000 0 ara d
040 _aGCL /
_cGCL
082 0 4 _aق
_b915.3
_bم ا
100 1 _aمحمد محمد الكحلاوى
245 1 0 _aاثار مصر الاسلامية فى كتابات الرحالة المغاربة والاندلسيين /
_cمحمد محمد الكحلاوى
260 _a[S.N] :
_bيوسف شلالة ،
_c1994
300 _a186 ص
490 _a
650 0 4 _aمصر
650 0 4 _aتاريخ
650 0 4 _aالاثار الاسلامية
650 0 4 _aالمدن
650 0 4 _aالمساجد
650 0 4 _aالرحالة العرب
650 0 4 _aالمبانى التاريخية
650 0 4 _aالاسكندرية
650 0 4 _aالقاهرة
942 _2ddc
_cBK
999 _c52909
_d52909